| 000 | 00457nam a22001817a 4500 | ||
|---|---|---|---|
| 003 | MPLRDC | ||
| 005 | 20220104114730.0 | ||
| 008 | 210129b ||||| |||| 00| 0 eng d | ||
| 020 | _a7-208-01950-9 | ||
| 082 | _a229.1 ZXS | ||
| 100 | _a郑孝时 | ||
| 245 |
_a释迦牟尼成佛秘录 _c |
||
| 250 | _a一版二刷 | ||
| 260 |
_a _b上海人民出版社 _c1995 |
||
| 300 | _b平 | ||
| 650 | _a佛教传记--释迦牟尼; 佛传 | ||
| 942 |
_cBK _o229.1 ZXS |
||
| 999 |
_c9791 _d9781 |
||